000 01372pam a2200349 a 4500
001 2050902
003 OSt
005 20150204140534.0
008 930831s1994 enka b 001 0 eng c
010 _a 93021269
020 _a0521452317 (hardback)
020 _a0521458749 (pbk.)
040 _aDNLM/DLC
_cDLC
_dDLC
050 0 0 _aRC607.A26
_bS3738 1994
060 0 0 _aWD 308 S376a 1994
082 0 0 _aWD 308 S376a 1994
_220
100 1 _aSchoub, B. D.
_92594
245 1 0 _aAIDS & HIV in perspective :
_ba guide to understanding the virus and its consequences /
_cBarry D. Schoub.
260 _aCambridge ;
_aNew York :
_bCambridge University Press,
_c1994.
300 _axx, 268 p. :
_bill. ;
_c24 cm.
504 _aIncludes bibliographical references (p. [254]-261) and index.
650 0 _aAIDS (Disease)
_92595
650 0 _aHIV infections.
_92596
650 2 _aAcquired Immunodeficiency Syndrome.
_92597
650 2 _aHIV.
_92583
740 0 _aAIDS and HIV in perspective.
856 4 1 _3Table of contents
_uhttp://www.loc.gov/catdir/toc/cam031/93021269.html
856 4 2 _3Publisher description
_uhttp://www.loc.gov/catdir/description/cam025/93021269.html
906 _a7
_bcbc
_corignew
_d1
_eocip
_f19
_gy-gencatlg
942 _2z
_cSLOAN
999 _c1008
_d1008